00870aab a2200169 i 4500001001000000003001000010005001700020008004100037040001900078041000800097100002800105245006600133300007800199520029000277653002300567773011000590768714001CO-MdFUSB20240424134502.0220822t2005 ck |||| |||| 00| 0 spa d bspacCO-MdFUSB aspa1 aRomo, Victoria Eeautor10aíAló, aló! :bApuntes Mujer Líderc/ Victoria E. Romo aVolumen 22, número 3 (abril - junio, 2005), páginas: 18 - 19c; 27 cm aEl teléfono debe ser contestado a la mayor brevedad posible. Es adecuado usar un volumen medio y una dicción clara. Quien contesta debe decir el nombre de la organización y saludar según la hora del día. Si responde desde un residencia, el trato debe ser igualmente amable.  aCortesía laboral0 tApuntes Pastorales049442gVolumen 22, número 3 (abril - junio, 2005), páginas: 18 - 19qpágina: 18